[Event "IM Mix Swiss "]
[Site "Hotel "]
[Date "2021.02.14"]
[Round "3.4"]
[White "Ivanovic, Marko"]
[Black "Kosic, Dragan"]
[Result "1/2-1/2"]
[WhiteElo "2251"]
[BlackElo "2443"]
[PlyCount "124"]
[EventDate "2021.02.12"]

1. e4 e6 2. d4 d5 3. Nc3 Nf6 4. Bg5 dxe4 5. Nxe4 Nbd7 6. Nf3 h6 7. Nxf6+ Nxf6
8. Be3 Bd6 9. Bd3 Bd7 10. Qe2 Qe7 11. a3 Bc6 12. c4 Bxf3 13. Qxf3 c6 14. O-O-O
O-O-O 15. Kb1 Kb8 16. Rhe1 Rhe8 17. h3 Ka8 18. Bd2 Bc7 19. Bb4 Bd6 20. Bc3 Nd7
21. Be4 Kb8 22. Ba5 Rc8 23. Qb3 Ka8 24. Ka2 g6 25. Bf3 h5 26. Re3 Bf4 27. Re4
Qg5 28. Qa4 Bc7 29. Bd2 Qf5 30. Re3 Nb6 31. Qb4 Red8 32. Bc3 Rd7 33. a4 Qc2 34.
a5 Na4 35. Ka3 Nxc3 36. Rxc3 Qxf2 37. a6 Bf4 38. Rb3 b6 39. c5 Bg5 40. Ka2 Bd8
41. Qa4 Rd5 42. Bxd5 exd5 43. cxb6 axb6 44. Rf3 Qxg2 45. Rxf7 Qxh3 46. a7 Qe6
47. Rdf1 c5 48. Qa6 Qc6 49. Rf8 cxd4 50. R1f6 Qc7 51. R6f7 Qc6 52. Rf6 Qc7 53.
Rxb6 d3 54. Rb8+ Rxb8 55. axb8=Q+ Kxb8 56. Qb5+ Ka7 57. Qxd5 Qa5+ 58. Qxa5+
Bxa5 59. Kb3 g5 60. Rh8 h4 61. Rh5 Bd2 62. Kc4 Bc1 1/2-1/2